000 01225nmm a2200421 a 4500
003 AR-BaBNM
005 20251128210539.0
008 140020s2000 ||||||||||||||000 | spa||
020 _a950-511-609-8
040 _cAR-BaBNM
100 1 _aRomero, Luis Alberto
245 1 0 _aGrandes discursos de la historia argentina
260 _aBuenos Aires
_bAguilar
_c2000
300 0 _a446 p.
500 0 _aContiene referencias bibliográficas
600 1 4 _aMitre, Bartolomé
600 1 4 _aSarmiento, Domingo Faustino
_d1868-1874
600 1 4 _aRosas, Juan Manuel De
600 1 4 _aDorrego, Manuel
_d1787-1828
600 1 4 _aAlsina, Valentín
600 1 4 _aPerón, Juan Domingo
600 1 4 _aAlem, Leandro N.
600 1 4 _aMosca, Enrique M.
600 1 4 _aBalbín, Ricardo
600 1 4 _aGaltieri, Leopoldo Fortunato
600 1 4 _aAlfonsín, Raúl Ricardo
_d1983-1989
600 1 4 _aMenem, Carlos Saul
600 1 4 _aUbaldini, Saúl
650 4 _aHISTORIA ARGENTINA
650 4 _aHISTORIA POLITICA
650 4 _aPRESIDENCIAS ARGENTINAS
650 4 _aGENERACION DE 1880
650 4 _aHISTORIA DE LAS IDEAS
650 4 _aDISCURSOS
700 1 _aPrivitellio, Luciano de
942 _cBK
998 _cMariana
999 _c15892
_d15892